Argument for Islamic Science (Record no. 10807)
[ view plain ]
| 000 -LEADER | |
|---|---|
| fixed length control field | 00635nam a2200241 a 4500 |
| 020 ## - INTERNATIONAL STANDARD BOOK NUMBER | |
| ISBN | |
| 082 00 - DEWEY DECIMAL CLASSIFICATION NUMBER | |
| Classification number | 500.80297 |
| Author Cutter | SAR |
| 100 ## - MAIN ENTRY--AUTHOR NAME | |
| Author name | Sardar, Ziauddin |
| 245 ## - TITLE STATEMENT | |
| Title | Argument for Islamic Science |
| 260 ## - PUBLICATION, DISTRIBUTION, ETC. (IMPRINT) | |
| Place of publication | Aligarh |
| Name of publisher | Centre for Studies on Science |
| Year of publication | 1985 |
| 300 ## - PHYSICAL DESCRIPTION | |
| Number of Pages | 63p |
| 500 ## - GENERAL NOTE | |
| General note | includes index and biblioraphy |
| 505 2# - FORMATTED CONTENTS NOTE | |
| Formatted contents note | Bibliography, Sources, Glossary, Abbreviations |
| 650 ## - SUBJECT ADDED ENTRY--TOPICAL TERM | |
| Topical Term | Islam and Science |
| 942 ## - ADDED ENTRY ELEMENTS (KOHA) | |
| Koha item type | Books |
| 700 1# - | |
| -- | Sardar, Ziauddin |
| Collection code | Home library | Current library | Date acquired | Cost, normal purchase price | Full call number | Accession Number | Koha item type |
|---|---|---|---|---|---|---|---|
| Henry Martyn Institute Library | Henry Martyn Institute Library | 12/02/2009 | 25.00 | 500.80297 SAR | 018481 | Books |
